| 000 | 01255nam a22002177a 4500 | ||
|---|---|---|---|
| 999 |
_c57319 _d57319 |
||
| 003 | Ge_BSU | ||
| 005 | 20200520141937.0 | ||
| 008 | 200520s2019 xxu||||| |||| 00| 0 geo d | ||
| 020 | _a9789941818271 | ||
| 041 | _ageo | ||
| 080 | _a341.217(4) დ-28 | ||
| 100 |
_aდევიძე, ალექსანდრე. _98118 |
||
| 245 |
_aევროკავშირის სამართლის დამხმარე სახელმძღვანელო : _bტექსტები მაგალითები სასამართლო გადაწყვეტილებები ხელშეკრულების მუხლები / _cალექსანდრე დევიძე ; გიორგი მირიანაშვილი ; რედ. ქეთევან ნიკოლაძე. |
||
| 264 |
_aთბილისი, _c2019. |
||
| 300 |
_a126 გვ. : _c29 სმ. |
||
| 653 | _aევროკავშირის სამართალი | ||
| 653 | _aსამართალი | ||
| 700 |
_aმირიანაშვილი, გიორგი _98119 |
||
| 700 |
_aნიკოლაძე, ქეთევან _eრედაქტორი _98120 |
||
| 942 |
_2udc _cBK |
||